Bacillus spp. as potential biocontrol agents of bacterial spot on pepper caused by xanthomonas euvesicatoria
The objective of this research was to identify bacterial spot-causing pathogen and bacterial antagonists for management of the disease using biocontrol agents as environmentally friendly alternatives. Isolates of Bacillus spp. were obtained from the soil samples collected at different localities in...
Elmentve itt :
| Szerzők: | |
|---|---|
| Testületi szerző: | |
| Dokumentumtípus: | Könyv része |
| Megjelent: |
2017
|
| Sorozat: | Proceedings of the International Symposium on Analytical and Environmental Problems
23 |
| Kulcsszavak: | Biokémia, Kémia |
| Online Access: | http://acta.bibl.u-szeged.hu/56167 |
| LEADER | 02316naa a2200277 i 4500 | ||
|---|---|---|---|
| 001 | acta56167 | ||
| 005 | 20260224081030.0 | ||
| 008 | 181214s2017 hu o 100 eng d | ||
| 020 | |a 978-963-306-563-1 | ||
| 040 | |a SZTE Egyetemi Kiadványok Repozitórium |b hun | ||
| 041 | |a eng | ||
| 100 | 1 | |a Bjelić Dragana | |
| 245 | 1 | 0 | |a Bacillus spp. as potential biocontrol agents of bacterial spot on pepper caused by xanthomonas euvesicatoria |h [elektronikus dokumentum] / |c Bjelić Dragana |
| 260 | |c 2017 | ||
| 300 | |a 102-107 | ||
| 490 | 0 | |a Proceedings of the International Symposium on Analytical and Environmental Problems |v 23 | |
| 520 | 3 | |a The objective of this research was to identify bacterial spot-causing pathogen and bacterial antagonists for management of the disease using biocontrol agents as environmentally friendly alternatives. Isolates of Bacillus spp. were obtained from the soil samples collected at different localities in Serbia. Antibacterial activity of natural antagonists toward the pathogen isolated from infected pepper leaves was examined using a modified well-diffusion assay and standard germination test. Our results confirmed the presence of Xanthomonas euvesicatoria as the causal agent of bacterial spot of pepper. Screening of 32 Bacillus spp. isolates for antibacterial activity showed that 8 isolates inhibit growth of examined X. euvesicatoria isolates. Four isolates identified as Bacillus subtilis exhibited the highest antibacterial activity by in vitro test (from 5 to 14 mm inhibition zone of bacterial growth). The isolates positively influenced germination of pepper seeds, causing up to 16% and 70% increase in germination and germination viability compared to control seeds infected with pathogen. The most effective isolates of Bacillus subtilis could be used as potential biocontrol agents of bacterial spot of pepper. | |
| 695 | |a Biokémia, Kémia | ||
| 700 | 0 | 1 | |a Ignjatov Maja |e aut |
| 700 | 0 | 1 | |a Karaman Maja |e aut |
| 700 | 0 | 2 | |a Jovanović-Šanta Suzana |e aut |
| 700 | 0 | 2 | |a Marinković Jelena |e aut |
| 700 | 0 | 2 | |a Rakić Dunja |e aut |
| 700 | 0 | 2 | |a Nikolić Zorica |e aut |
| 710 | |a International Symposium on Analytical and Environmental Problems (23.) (2017) (Szeged) | ||
| 856 | 4 | 0 | |u http://acta.bibl.u-szeged.hu/56167/1/proceedings_of_isaep_2017_102-107.pdf |z Dokumentum-elérés |